Derecho civil español común y foral (Record no. 41846)
[ view plain ]
| 000 -LEADER | |
|---|---|
| campo de control de longitud fija | 00664nam a2200193 i 4500 |
| 001 - NÚMERO DE CONTROL | |
| campo de control | 41846 |
| 003 - IDENTIFICADOR DE NÚMERO DE CONTROL | |
| campo de control | ES-MaACL |
| 005 - FECHA Y HORA DE LA ÚLTIMA TRANSACCIÓN | |
| campo de control | 20231229063010.0 |
| 007 - CAMPO FIJO DE DESCRIPCIÓN FÍSICA--INFORMACIÓN GENERAL | |
| campo de control de longitud fija | t| |
| 008 - DATOS DE LONGITUD FIJA--INFORMACIÓN GENERAL | |
| campo de control de longitud fija | 030311s1978 sp ||||1| spa d |
| 100 1# - ENTRADA PRINCIPAL--NOMBRE DE PERSONA | |
| Nombre de persona | Castán Tobeñas, José, |
| Fechas asociadas al nombre | 1889-1969 |
| 9 (RLIN) | 36392 |
| 245 10 - MENCIÓN DEL TÍTULO | |
| Título | Derecho civil español común y foral |
| Resto del título | : . Tomo sexto: derecho de sucesiones. Volumen tercero... / |
| Mención de responsabilidad, etc. | José Castán Tobeñas. |
| 250 ## - MENCION DE EDICION | |
| Mención de edición | 8ª ed. rev. y puesta al día |
| Resto de la mención de edición | por José Luis de los Mozos. |
| 260 ## - PUBLICACIÓN, DISTRIBUCIÓN, ETC. | |
| Lugar de publicación, distribución, etc. | Madrid : |
| Nombre del editor, distribuidor, etc. | Reus, |
| Fecha de publicación, distribución, etc. | 1978. |
| 300 ## - DESCRIPCIÓN FÍSICA | |
| Extensión | 418 p. ; |
| Dimensiones | 23 cm. |
| 700 1# - ENTRADA AGREGADA--NOMBRE PERSONAL | |
| Nombre de persona | Mozos, José Luis de los. |
| 9 (RLIN) | 84001 |
| 852 ## - LOCALIZACIÓN | |
| Ubicación | ES-MaACL |
| Número de control de estantería | A-8184 |
| Sublocalización o colección | R.97007 |
| Estatus retirado | Estado de pérdida | Estado de daño | No para préstamo | Biblioteca de origen | Biblioteca actual | Ubicación en estantería | Fecha de adquisición | Fuente de adquisición | Total de préstamos | Signatura topográfica completa | Código de barras | Visto por última vez | Precio de reemplazo | Tipo de ítem Koha |
|---|---|---|---|---|---|---|---|---|---|---|---|---|---|---|
| Biblioteca del Ateneo de Madrid | Biblioteca del Ateneo de Madrid | Sala Pecera Planta 1 | 17/01/2008 | A-8184 | 1044051 | 23/02/2023 | 23/02/2023 | Libro impreso |
